000 00203nam a2200085 4500
001 1255926
005 20251216141646.0
245 _aMÜSAİT BİR YERDE GÜLECEK VAR
_cMİNE SOTA
260 _bTİMAŞ YAYINLARI
999 _c1255926
_d1255926